00201 a2200109 4500001000700000020000600007040001100013100002900024240001700053245001200070362000900082174688 a  cMagnum aSanson, Berenice Ribeiro10aO heroilpor10aO heroi0 a1899